000 00517nam a2200181 i 4500
001 96670
003 ES-MaACL
005 20250831063036.0
007 t|
008 050629s1970 sp ||||1| spa d
100 1 _aMaluquer de Motes, Joan,
_d1915-1988
_975880
245 1 0 _aTartesos... /
_cJuan Maluquer de Motes.
250 _a[1ª ed.].
260 _aBarcelona :
_bDestino,
_c1970.
300 _a175 p., 14 lám. :
_bil. ;
_c25 cm.
852 _aES-MaACL
_jC-37365
_bR.75520
999 _c96670
_d96670